000 00462nam a2200157 i 4500
001 23087
003 ES-MaACL
005 20230906152820.0
007 t|
008 021209s1912 fr ||||1| fre d
100 1 _aAlvarez, Alejandro.
_920610
245 1 3 _aLa codificaation du Droit international
_b: les tendances, les bases /
_cAlejandro Alvarez.
260 _aSaint Dézier :
_bIlserenot,
_c1912.
300 _a294 p. ;
_c23 cm.
852 _aES-MaACL
_jF-1755
999 _c23087
_d23087